Взаимодействие борной кислоты со спиртами и оксикислотами

Λεπτομέρειες βιβλιογραφικής εγγραφής
Κύριος συγγραφέας: Шварц Е. М. Евгения Михайловна
Γλώσσα:Ρωσικά
Έκδοση: Рига, Зинатне, 1990
Θέματα:
Μορφή: MixedMaterials Βιβλίο
KOHA link:https://koha.lib.tpu.ru/cgi-bin/koha/opac-detail.pl?biblionumber=80367

MARC

LEADER 00000nam0a2200000 4500
001 80367
005 20231101213116.0
010 |a 5796602195 
020 |a RU  |b 90-25003 
035 |a (RuTPU)RU\TPU\book\86378 
090 |a 80367 
100 |a 20050905d1990 m a0rusy5003 ca 
101 0 |a rus 
102 |a lv 
105 |a a z 001zy 
200 1 |a Взаимодействие борной кислоты со спиртами и оксикислотами  |f Е. М. Шварц  |g АН ЛатвССР, Ин-т неорганической химии 
210 |a Рига  |c Зинатне  |d 1990 
215 |a 410 с.  |c ил.  |d 22 см 
320 |a Библиогр.: с. 366-407 (47 назв.) 
606 1 |a Борная кислота  |x Химия  |2 stltpush  |3 (RuTPU)RU\TPU\subj\75006  |9 86906 
610 1 |a спирты 
610 1 |a оксикислоты 
610 1 |a реакции 
610 1 |a углеводы 
610 1 |a взаимодействие 
675 |a 546.273  |z rus 
700 1 |a Шварц  |b Е. М.  |g Евгения Михайловна  |4 070 
801 0 |a RU  |b RuMRKP  |c 19960705  |g psbo 
801 1 |a RU  |b 63413507  |c 20050905  |g PSBO 
801 2 |a RU  |b 63413507  |c 20190409  |g PSBO 
942 |c BK